Latin Dipthongs - Statistics

General Stats
  • This quiz has been taken 31 times
  • The average score is 5 of 6
Answer Stats
Answer % Correct
ae
100%
ui
100%
ei
88%
oe
88%
au
75%
eu
75%
No matching quizzes found
Score Distribution
Percent of People with Each Score
Percentile by Number Answered
Your Score History
You have not taken this quiz